000 00604nam a2200193 4500
001 131045
003 ES-MaACL
005 20230906193914.0
007 t|
008 070214s1968 sp r ||||1| spa d
100 1 _aRocher, Ch.
_998073
245 1 0 _aExploración funcional y kineriterapia articulares /
_cCh. Rocher, A. Rigaud ; versión de Juan José del Pozo.
250 _a1ª. ed.
260 _aBarcelona :
_bToray Masson,
_c1968.
300 _aXVI, 311 p. :
_bil. ;
_c25 cm.
700 1 _aRigaud, A.
_997194
700 1 _aPozo, Juan José del.
_993539
852 _aES-MaACL
_jC-34532
_bR.67354
999 _c131045
_d131045